000 01102nam a2200241Ia 4500
005 20211108102846.0
008 130821s1997 ck gr spa
040 _aCO-BoUCM
_bspa
_cJose A. Gerena (modificó)
_d[Nuevo]
041 0 0 _aspa
111 _aPolíticas y estrategias para la transformación de la educación superior en América latina y el caribe hacia una agenda de la Educación Superior
_983321
240 1 _aMemorias
245 0 0 _aPoliticas y estrategias para la transformación de la educación superior en América latina y el caribe
_cAsociación Colombiana de Universidades. ASCUN
260 _aBogotá (Colombia)
_bASCUN
_c1997
300 _a417 páginas
650 0 4 _aCalidad de la educación
_910315
650 0 4 _aEducación superior
_9177
650 0 4 _aEducación superior
_vCongresos, conferencias, etc.
_971264
650 0 4 _aEducación superior
_xFinanciación
_9177
690 0 _aEducación superior
_9177
710 1 _aAsociación Colombia de Universidades ASCUN
_983322
942 _cLIBRO
_a1
_e1
_mE52M
_2DEWEY
_h378.861
999 _c24993
_d24993